[Event "GRE-chT U16"]
[Site "Thessaloniki"]
[Date "2019.11.28"]
[Round "1.5"]
[White "Giannoulaki, Ermofili"]
[Black "Karavitaki, Evaggelia"]
[Result "0-1"]
[WhiteElo "1270"]
[BlackElo "1793"]
[PlyCount "82"]
[EventDate "2019.11.28"]
[EventType "team-swiss"]
[EventRounds "6"]
[EventCountry "GRE"]
[SourceTitle "CBM 193 Extra"]
[Source "ChessBase"]
[SourceDate "2020.01.31"]
[SourceVersion "1"]
[SourceVersionDate "2020.01.31"]
[SourceQuality "1"]
[WhiteTeam "Neapolis Sykeon"]
[BlackTeam "Chanion"]
[WhiteTeamCountry "GRE"]
[BlackTeamCountry "GRE"]

1. d4 d5 2. Nf3 Nf6 3. e3 c5 4. b3 Nc6 5. Bd3 e6 6. Nbd2 Bd6 7. Bb2 0-0 8. 0-0 b6 9. c4 Bb7 10. Rc1 cxd4 11. exd4 Rc8 12. Re1 Bb8 13. Bb1 Re8 14. Ne5 dxc4 15. Nxc6 Bxc6 16. bxc4 Qd6 17. Re5 g6 18. g3 Red8 19. Ne4 Qxe5 20. dxe5 Rxd1+ 21. Rxd1 Nxe4 22. f3 Nc5 23. Kf2 Bc7 24. Ba3 Rd8 25. Rxd8+ Bxd8 26. Bxc5 bxc5 27. f4 Kf8 28. Ke3 Ke7 29. Kd3 Kd7 30. Kc3 Kc7 31. Kd3 Kb6 32. Bc2 Ka5 33. Kc3 f6 34. exf6 Bxf6+ 35. Kd3 Kb4 36. Bb1 a5 37. g4 Bb7 38. Bc2 Ba6 39. Ke4 Bxc4 40. Bb1 Bd5+ 41. Ke3 Ka3 0-1

[Event "GRE-ch U14 Girls"]
[Site "Patras"]
[Date "2019.06.28"]
[Round "6.7"]
[White "Giannoulaki, Ermofili"]
[Black "Kratimenou, Maria"]
[Result "0-1"]
[WhiteElo "1269"]
[BlackElo "1285"]
[PlyCount "48"]
[EventDate "2019.06.25"]
[EventType "swiss"]
[EventRounds "9"]
[EventCountry "GRE"]
[SourceTitle "EXT 2020"]
[Source "ChessBase"]
[SourceDate "2019.10.17"]
[SourceVersion "1"]
[SourceVersionDate "2019.10.17"]
[SourceQuality "1"]
[WhiteTeam "Greece"]
[BlackTeam "Greece"]
[WhiteTeamCountry "GRE"]
[BlackTeamCountry "GRE"]

1. d4 d5 2. Nf3 Nf6 3. e3 e6 4. Bd3 b6 5. b3 g6 6. Bb2 Bg7 7. Nbd2 Bb7 8. 0-0 0-0 9. c4 Nbd7 10. Rc1 c5 11. Ne5 Nxe5 12. dxe5 Nd7 13. f4 f6 14. exf6 Bxf6 15. Bxf6 Qxf6 16. Nf3 d4 17. exd4 Bxf3 18. Qxf3 Qxd4+ 19. Kh1 Ne5 20. Qe2 Nxd3 21. Rcd1 Nxf4 22. Qg4 Qe5 23. g3 Qe4+ 24. Rf3 h5 0-1

[Event "GRE-ch U14 Girls"]
[Site "Patras"]
[Date "2019.06.28"]
[Round "5.4"]
[White "Gioutsou, Miranta"]
[Black "Giannoulaki, Ermofili"]
[Result "1-0"]
[WhiteElo "1476"]
[BlackElo "1269"]
[PlyCount "99"]
[EventDate "2019.06.25"]
[EventType "swiss"]
[EventRounds "9"]
[EventCountry "GRE"]
[SourceTitle "EXT 2020"]
[Source "ChessBase"]
[SourceDate "2019.10.17"]
[SourceVersion "1"]
[SourceVersionDate "2019.10.17"]
[SourceQuality "1"]
[WhiteTeam "Greece"]
[BlackTeam "Greece"]
[WhiteTeamCountry "GRE"]
[BlackTeamCountry "GRE"]

1. e4 d5 2. exd5 Qxd5 3. Nc3 Qd6 4. d4 Nf6 5. Nf3 c6 6. g3 Bg4 7. Bg2 e6 8. Bf4 Qd8 9. 0-0 Bd6 10. Qd2 0-0 11. Rad1 Bb4 12. Qe3 Qa5 13. a3 Bxc3 14. Qxc3 Qxc3 15. bxc3 Bf5 16. Rb1 b5 17. Ne5 Nd5 18. Rb2 f6 19. Nd3 Nxc3 20. Re1 Nd5 21. Nb4 Rc8 22. Nxd5 exd5 23. Rxb5 Bxc2 24. Rxd5 Na6 25. Rd6 Ba4 26. Ree6 Rd8 27. Bxc6 Bxc6 28. Rxc6 Nb8 29. Rcd6 Nd7 30. Re7 Nb6 31. Rxd8+ Rxd8 32. Be3 Rd7 33. Rxd7 Nxd7 34. Kf1 Kf7 35. Ke2 Ke6 36. d5+ Kxd5 37. Bxa7 Kc4 38. Ke3 Kb3 39. Kd4 Kxa3 40. Kd5 Kb4 41. Ke6 Ne5 42. h3 Kc4 43. f4 Nc6 44. Bb6 Nd4+ 45. Bxd4 Kxd4 46. Kf7 h5 47. Kxg7 h4 48. gxh4 f5 49. h5 Ke4 50. h6 1-0

[Event "GRE-chT 46th"]
[Site "Rio Achaia"]
[Date "2018.07.13"]
[Round "5.3"]
[White "Kalyva, Kyriaki"]
[Black "Giannoulaki, Ermofili"]
[Result "1-0"]
[WhiteElo "1734"]
[BlackElo "1286"]
[PlyCount "51"]
[EventDate "2018.07.10"]
[EventType "team"]
[EventRounds "7"]
[EventCountry "GRE"]
[SourceTitle "CBM 185 Extra"]
[Source "ChessBase"]
[SourceDate "2018.07.29"]
[SourceVersion "1"]
[SourceVersionDate "2018.07.29"]
[SourceQuality "1"]
[WhiteTeam "Heraklion"]
[BlackTeam "Nepolis"]
[WhiteTeamCountry "GRE"]
[BlackTeamCountry "GRE"]

1. d4 d6 2. Nf3 Nf6 3. c4 Nbd7 4. Nc3 e5 5. e4 Be7 6. Bd3 0-0 7. 0-0 c6 8. h3 Qc7 9. Be3 a6 10. a4 b6 11. Qc2 Re8 12. Rad1 Bb7 13. Rd2 Rac8 14. Rfd1 Bf8 15. b3 d5 16. dxe5 dxe4 17. Nxe4 Nxe4 18. Bxe4 Nxe5 19. Bxh7+ Kh8 20. Nxe5 Qxe5 21. Qf5 c5 22. Bf4 Qc3 23. Qh5 g6 24. Bxg6+ Kg7 25. Qh7+ Kf6 26. Qxf7# 1-0

[Event "GRE-ch U14 Girls"]
[Site "Rio Achaia"]
[Date "2018.07.08"]
[Round "8"]
[White "Vakali, Athina"]
[Black "Giannoulaki, Ermofili"]
[Result "0-1"]
[WhiteElo "1194"]
[BlackElo "1286"]
[PlyCount "84"]
[EventDate "2018.07.03"]
[EventType "swiss"]
[EventRounds "9"]
[EventCountry "GRE"]
[SourceTitle "EXT 2019"]
[Source "ChessBase"]
[SourceDate "2018.10.10"]
[SourceVersion "1"]
[SourceVersionDate "2018.10.10"]
[SourceQuality "1"]

1. e4 d6 2. d4 Nf6 3. Nc3 e5 4. Nf3 Nbd7 5. Bc4 Be7 6. 0-0 0-0 7. Re1 c6 8. a4 a5 9. h3 Qc7 10. Bg5 h6 11. Bh4 Re8 12. d5 Nc5 13. dxc6 bxc6 14. Qe2 Bb7 15. Rad1 Rad8 16. b3 Bf8 17. Bxf6 gxf6 18. Nh4 Bc8 19. Qh5 Be6 20. Be2 d5 21. exd5 cxd5 22. Bb5 Re7 23. Nf5 Bxf5 24. Qxf5 d4 25. Ne4 Nxe4 26. Qxe4 Qc8 27. Bd3 Bg7 28. Qh7+ Kf8 29. Re4 f5 30. Rh4 e4 31. Bc4 Rd6 32. Rh5 Rg6 33. Rd2 f4 34. Rxa5 e3 35. fxe3 dxe3 36. Rd1 f3 37. Kh1 Rxg2 38. Rf5 Qc7 39. Re5 Qxe5 40. Rd8+ Re8 41. Rxe8+ Qxe8 42. Qd3 Qb8 0-1

[Event "GRE-chT 45th"]
[Site "Achaia"]
[Date "2017.07.06"]
[Round "5.3"]
[White "Bouza, Mirto Eleni"]
[Black "Giannoulaki, Ermofili"]
[Result "1-0"]
[WhiteElo "1313"]
[BlackElo "1220"]
[PlyCount "55"]
[EventDate "2017.07.03"]
[EventType "team-swiss"]
[EventRounds "7"]
[EventCountry "GRE"]
[SourceTitle "CBM 179 Extra"]
[Source "ChessBase"]
[SourceDate "2017.08.23"]
[SourceVersion "1"]
[SourceVersionDate "2017.08.23"]
[SourceQuality "1"]
[WhiteTeam "Glyfadas Zenon"]
[BlackTeam "Sykeon Neapolis"]
[WhiteTeamCountry "GRE"]
[BlackTeamCountry "GRE"]

1. e4 d6 2. d4 Nf6 3. Nc3 Nbd7 4. h3 e5 5. Nge2 Be7 6. g4 c6 7. a4 b6 8. Bg2 a6 9. 0-0 Rb8 10. Be3 Qc7 11. Qd2 b5 12. axb5 axb5 13. Ng3 Nb6 14. b3 0-0 15. g5 Ne8 16. f4 f6 17. h4 Rf7 18. Rf2 Nd7 19. Nf5 Nf8 20. Bh3 Ng6 21. h5 Nxf4 22. Bxf4 exf4 23. gxf6 Nxf6 24. Qxf4 Nxh5 25. Nh6+ Kh8 26. Nxf7+ Kg8 27. Nh6+ Kh8 28. Qf8+ 1-0

[Event "GRE-chT 45th"]
[Site "Achaia"]
[Date "2017.07.05"]
[Round "4.8"]
[White "Galani, Dimitra"]
[Black "Giannoulaki, Ermofili"]
[Result "1/2-1/2"]
[WhiteElo "1427"]
[BlackElo "1220"]
[PlyCount "121"]
[EventDate "2017.07.03"]
[EventType "team-swiss"]
[EventRounds "7"]
[EventCountry "GRE"]
[SourceTitle "CBM 179 Extra"]
[Source "ChessBase"]
[SourceDate "2017.08.23"]
[SourceVersion "1"]
[SourceVersionDate "2017.08.23"]
[SourceQuality "1"]
[WhiteTeam "Orekastro Marion Thunder"]
[BlackTeam "Sykeon Neapolis"]
[WhiteTeamCountry "GRE"]
[BlackTeamCountry "GRE"]

1. e4 d6 2. d4 e5 3. Nf3 Nd7 4. Nc3 Ngf6 5. Bc4 Be7 6. 0-0 0-0 7. Re1 c6 8. a4 a6 9. h3 Rb8 10. d5 a5 11. Bb3 Nc5 12. dxc6 bxc6 13. Bc4 Qc7 14. b3 Bb7 15. Bf1 Rfd8 16. Bb2 Bf8 17. Qd2 Rd7 18. Qg5 Be7 19. Qe3 Qb6 20. Rad1 Ba6 21. Bxa6 Nxa6 22. Qxb6 Rxb6 23. Ba3 Nb4 24. Re2 Rb8 25. Red2 Rbd8 26. Bc1 h6 27. Re2 Rc8 28. Bb2 Rcd8 29. Nb1 Rc8 30. Na3 Ra7 31. Nc4 Rd8 32. Bc1 Na2 33. Bb2 Ra6 34. Ba1 d5 35. Ncxe5 Nxe4 36. Re3 Bf6 37. Red3 Nb4 38. Re3 Nxc2 39. Re2 Nxa1 40. Rxa1 Nc5 41. Rc1 Bxe5 42. Nxe5 Nxb3 43. Rxc6 Rxc6 44. Nxc6 Rd7 45. Rb2 Nc5 46. Rb5 Nxa4 47. Rxa5 Nc3 48. Ra8+ Kh7 49. Nd4 Re7 50. Kf1 Re4 51. Nf3 Rb4 52. g4 Rb1+ 53. Kg2 Rb2 54. Ne1 Ne4 55. Nd3 Rd2 56. Ra3 d4 57. Kf3 Ng5+ 58. Kg3 Ne4+ 59. Kf3 Ng5+ 60. Kg3 Ne4+ 61. Kf3 1/2-1/2

[Event "GRE-chT 44th"]
[Site "Achaia"]
[Date "2016.07.10"]
[Round "7.13"]
[White "Giannoulaki, Ermofili"]
[Black "Diakouli, Ioanna Maria"]
[Result "1-0"]
[WhiteElo "1153"]
[BlackElo "1071"]
[PlyCount "87"]
[EventDate "2016.07.05"]
[EventType "team-swiss"]
[EventRounds "7"]
[EventCountry "GRE"]
[SourceTitle "CBM 173 Extra"]
[Source "ChessBase"]
[SourceDate "2016.08.29"]
[SourceVersion "1"]
[SourceVersionDate "2016.08.29"]
[SourceQuality "1"]
[WhiteTeam "Naples Sykeon"]
[BlackTeam "Egaleo CN"]
[WhiteTeamCountry "GRE"]
[BlackTeamCountry "GRE"]

1. d3 d5 2. Nd2 e5 3. e4 d4 4. Ngf3 Nc6 5. Be2 Be6 6. 0-0 Qd7 7. c3 0-0-0 8. Ng5 Nf6 9. Nxe6 Qxe6 10. Nc4 Kb8 11. Qa4 Nd7 12. a3 f6 13. Bd2 a6 14. b4 dxc3 15. Bxc3 Nd4 16. Bxd4 exd4 17. Qc2 Ne5 18. Nxe5 fxe5 19. Rfc1 Bd6 20. Rcb1 Rhf8 21. a4 Rf6 22. a5 Rg6 23. b5 Qh3 24. Bf1 axb5 25. Rxb5 Qd7 26. Qb2 c6 27. Rb3 b5 28. axb6 Qb7 29. Ra7 Rd7 30. Rxb7+ Rxb7 31. Qc2 Be7 32. Qe2 c5 33. Qh5 Rh6 34. Qxe5+ Rd6 35. Qxg7 Bf6 36. Qf8+ Bd8 37. Qxd6+ Kc8 38. Qxc5+ Kb8 39. Be2 Bxb6 40. Rxb6 Rxb6 41. Qxb6+ Ka8 42. Bg4 h5 43. Bc8 h4 44. Qb7# 1-0

[Event "GRE-chT 44th"]
[Site "Achaia"]
[Date "2016.07.06"]
[Round "3.8"]
[White "Louka, Marianthi"]
[Black "Giannoulaki, Ermofili"]
[Result "1-0"]
[WhiteElo "1358"]
[BlackElo "1153"]
[PlyCount "77"]
[EventDate "2016.07.05"]
[EventType "team-swiss"]
[EventRounds "7"]
[EventCountry "GRE"]
[SourceTitle "CBM 173 Extra"]
[Source "ChessBase"]
[SourceDate "2016.08.29"]
[SourceVersion "1"]
[SourceVersionDate "2016.08.29"]
[SourceQuality "1"]
[WhiteTeam "Kalamata Poseidon"]
[BlackTeam "Naples Sykeon"]
[WhiteTeamCountry "GRE"]
[BlackTeamCountry "GRE"]

1. e4 d6 2. d4 Nf6 3. Nc3 Nbd7 4. Nf3 e5 5. Bc4 Be7 6. 0-0 0-0 7. Bg5 h6 8. Bh4 c6 9. Bb3 Qc7 10. Re1 b5 11. d5 Nc5 12. Bxf6 Bxf6 13. dxc6 Nxb3 14. axb3 Qxc6 15. Nd5 Bd8 16. h3 Be6 17. Re3 a5 18. Rd3 b4 19. c3 bxc3 20. bxc3 Qb7 21. b4 f5 22. exf5 e4 23. fxe6 exd3 24. Qxd3 axb4 25. Rxa8 Qxa8 26. e7 Re8 27. exd8Q Rxd8 28. cxb4 Rb8 29. Ne7+ Kh8 30. Nh4 g6 31. Nhxg6+ Kg7 32. Qc3+ Kf7 33. Qc4+ Ke8 34. Nd5 Rc8 35. Qe4+ Kf7 36. Qf5+ Kg7 37. Qf6+ Kg8 38. Nde7+ Kh7 39. Qf7# 1-0

[Event "GRE-ch U10 Girls"]
[Site "Rio Achaia"]
[Date "2015.07.01"]
[Round "8.6"]
[White "Giannoulaki, Ermofili"]
[Black "Koukoubi, Athanasia"]
[Result "0-1"]
[WhiteElo "1012"]
[BlackElo "1194"]
[PlyCount "106"]
[EventDate "2015.06.26"]
[EventType "swiss"]
[EventRounds "9"]
[EventCountry "GRE"]
[SourceTitle "EXT 2024"]
[Source "ChessBase"]
[SourceDate "2023.10.10"]
[SourceVersion "1"]
[SourceVersionDate "2023.10.10"]
[SourceQuality "1"]

1. d4 Nf6 2. c4 c5 3. e3 g6 4. Nc3 Bg7 5. Bd3 0-0 6. Nf3 d6 7. 0-0 cxd4 8. exd4 Nc6 9. Re1 b6 10. Qe2 Bg4 11. h3 Bxf3 12. Qxf3 Nxd4 13. Qe3 e5 14. Bd2 Rc8 15. b3 Re8 16. f4 Nh5 17. fxe5 Rxe5 18. Qf2 Qd7 19. g4 Rce8 20. gxh5 Rxh5 21. Rxe8+ Qxe8 22. Re1 Qd7 23. Bf1 Rf5 24. Qg2 Nf3+ 25. Kh1 Nxe1 26. Bxe1 Qe6 27. Bd2 Qf6 28. Qa8+ Bf8 29. Bg2 h5 30. Bh6 Qxc3 31. Qxf8+ Kh7 32. Qxd6 Qa1+ 33. Kh2 Qxa2 34. Qf8 Qb2 35. Be3 Qe5+ 36. Kh1 Qxe3 37. Qa8 Qg3 38. Qxa7 Rf2 39. Qb7 Qxb3 40. Kg1 Qe3 41. Kh1 Qe1+ 42. Kh2 Qe3 43. Kh1 Kh6 44. Qc6 f5 45. Qf6 Qe1+ 46. Kh2 Qe8 47. Qxb6 Qe5+ 48. Kg1 Qe1+ 49. Kh2 Qe2 50. Qc6 f4 51. Kg1 Qe1+ 52. Kh2 f3 53. Kg3 fxg2 0-1

[Event "GRE-ch U10 Girls"]
[Site "Rio Achaia"]
[Date "2015.06.30"]
[Round "7.5"]
[White "Giannoulaki, Ermofili"]
[Black "Tsakona, Maria"]
[Result "1/2-1/2"]
[WhiteElo "1012"]
[BlackElo "1024"]
[PlyCount "94"]
[EventDate "2015.06.26"]
[EventType "swiss"]
[EventRounds "9"]
[EventCountry "GRE"]
[SourceTitle "EXT 2024"]
[Source "ChessBase"]
[SourceDate "2023.10.10"]
[SourceVersion "1"]
[SourceVersionDate "2023.10.10"]
[SourceQuality "1"]

1. d4 d6 2. c4 e5 3. dxe5 dxe5 4. Qxd8+ Kxd8 5. e4 Nf6 6. Nc3 Bb4 7. Bd2 Nxe4 8. Nxe4 Bxd2+ 9. Nxd2 Nc6 10. Ngf3 Nb4 11. Nxe5 Re8 12. Kd1 Rxe5 13. a3 Na6 14. b4 c5 15. b5 Nb8 16. Bd3 Be6 17. h3 a6 18. Nf3 Rh5 19. Re1 Bf5 20. Re5 Bg6 21. Bxg6 hxg6 22. Re3 axb5 23. cxb5 c4 24. a4 Nd7 25. Kc2 Nb6 26. Rd1+ Rd5 27. Ree1 Rxd1 28. Rxd1+ Ke7 29. Ra1 Rxa4 30. Rxa4 Nxa4 31. Nd2 Kd6 32. Nxc4+ Kc5 33. Kb3 Kxb5 34. Nd6+ Kc6 35. Nxb7 Nc5+ 36. Nxc5 Kxc5 37. Kc3 Kd5 38. Kd3 Ke5 39. Ke3 g5 40. Kf3 f5 41. Kg3 Ke4 42. h4 gxh4+ 43. Kxh4 Kf4 44. g3+ Kf3 45. Kg5 Kxf2 46. Kxf5 Kxg3 47. Kg6 Kg4 1/2-1/2